<?xml-stylesheet type="text/xsl" href="MARC21slim2English.xsl"?>
<collection><record><leader>02231nhda 2200493   4500</leader><controlfield tag="005">20030611133202.0</controlfield><controlfield tag="008">990408i18931893nz |||||      |00 ||||| d</controlfield><datafield ind1=" " ind2=" " tag="016"><subfield code="a">urn:nbn:nz:wtu:1%2F1-020598-G</subfield></datafield><datafield ind1="8" ind2=" " tag="024"><subfield code="a">hdl:1727.11/13032</subfield></datafield><datafield ind1=" " ind2=" " tag="035"><subfield code="9">tap:493962</subfield></datafield><datafield ind1=" " ind2=" " tag="040"><subfield code="a">WTU</subfield></datafield><datafield ind1=" " ind2=" " tag="040"><subfield code="e">rad</subfield></datafield><datafield ind1=" " ind2=" " tag="084"><subfield code="a">1/1-020598-G</subfield></datafield><datafield ind1=" " ind2=" " tag="084"><subfield code="b">iid:13032</subfield></datafield><datafield ind1="0" ind2="0" tag="245"><subfield code="a">Rahui Te Kiri Tenetahi and her daughter Ngapeka Te Roa, Little Barrier Island</subfield><subfield code="n">1/1-020598-G</subfield></datafield><datafield ind1=" " ind2=" " tag="260"><subfield code="c">1893</subfield></datafield><datafield ind1=" " ind2=" " tag="300"><subfield code="a">1 b&amp;w original negative(s)</subfield></datafield><datafield ind1=" " ind2=" " tag="300"><subfield code="c">Vertical image</subfield></datafield><datafield ind1=" " ind2=" " tag="340"><subfield code="a">Single negative</subfield></datafield><datafield ind1=" " ind2=" " tag="351"><subfield code="c">Item</subfield></datafield><datafield ind1=" " ind2="0" tag="440"><subfield code="a">Wright, Henry Charles Clarke, 1844-1936 :Negatives</subfield><subfield code="n">PAColl-5032</subfield></datafield><datafield ind1=" " ind2=" " tag="506"><subfield code="a">Not restricted</subfield></datafield><datafield ind1="8" ind2=" " tag="520"><subfield code="a">Rahui Te Kiri Tenetahi (right) and her daughter Ngapeka Te Roa, of Ngati Manuhiri, alongside a building made of ponga logs, Little Barrier Island, 1893. They hold dahlia flowers. Photograph taken by Henry Wright.</subfield></datafield><datafield ind1=" " ind2=" " tag="533"><subfield code="a">File print available in Turnbull Library Pictures</subfield><subfield code="n">13. Little Barrier Island. 1893</subfield><subfield code="f">(PFP-016470)</subfield></datafield><datafield ind1=" " ind2=" " tag="580"><subfield code="a">PART OF COLLECTION</subfield></datafield><datafield ind1=" " ind2=" " tag="580"><subfield code="a">ISSUABLE Item</subfield></datafield><datafield ind1="1" ind2=" " tag="600"><subfield code="a">Tenetahi, Rahui Te Kiri, d 1913</subfield><subfield code="e"> (Subject)</subfield><subfield code="3">tap:573232</subfield></datafield><datafield ind1="1" ind2=" " tag="600"><subfield code="a">Te Roa, Ngapeka, fl 1893</subfield><subfield code="e"> (Subject)</subfield><subfield code="3">tap:573233</subfield></datafield><datafield ind1="2" ind2=" " tag="648"><subfield code="a">1893</subfield></datafield><datafield ind1=" " ind2="4" tag="650"><subfield code="a">Women - New Zealand - Auckland Region</subfield><subfield code="3">tap:145773</subfield></datafield><datafield ind1=" " ind2="4" tag="650"><subfield code="a">Women, Maori</subfield><subfield code="3">tap:5751</subfield></datafield><datafield ind1=" " ind2="4" tag="650"><subfield code="a">Maori - Moko</subfield><subfield code="3">tap:78281</subfield></datafield><datafield ind1=" " ind2="4" tag="650"><subfield code="a">Clothing and dress</subfield><subfield code="3">tap:68439</subfield></datafield><datafield ind1=" " ind2="4" tag="650"><subfield code="a">Plants - Dahlia</subfield><subfield code="3">tap:254912</subfield></datafield><datafield ind1=" " ind2="4" tag="650"><subfield code="a">Flowers - New Zealand - Auckland Region</subfield><subfield code="3">tap:494390</subfield></datafield><datafield ind1=" " ind2="4" tag="650"><subfield code="a">Plants - Ponga</subfield><subfield code="3">tap:448320</subfield></datafield><datafield ind1=" " ind2="4" tag="650"><subfield code="a">Mothers and daughters</subfield><subfield code="3">tap:532879</subfield></datafield><datafield ind1=" " ind2="4" tag="651"><subfield code="a">Little Barrier Island</subfield><subfield code="3">tap:234083</subfield></datafield><datafield ind1="1" ind2="8" tag="772"><subfield code="t">Wright, Henry Charles Clarke, 1844-1936 :Negatives</subfield><subfield code="w">PAColl-5032</subfield></datafield><datafield ind1=" " ind2=" " tag="850"><subfield code="a">Alexander Turnbull Library, Wellington, New Zealand</subfield></datafield><datafield ind1="8" ind2=" " tag="852"><subfield code="b">Photographic Archive</subfield><subfield code="h">1/1-020598-G</subfield></datafield><datafield ind1="4" ind2="1" tag="856"><subfield code="u">http://digital.natlib.govt.nz/get/13032?profile=thumb</subfield><subfield code="x">Thumbnail</subfield><subfield code="y">Thumbnail for resource</subfield></datafield><datafield ind1="4" ind2="1" tag="856"><subfield code="u">http://digital.natlib.govt.nz/get/13032?profile=access</subfield><subfield code="x">AccessFormat</subfield><subfield code="y">Link to electronic resource</subfield></datafield><datafield ind1="4" ind2="1" tag="856"><subfield code="u">http://digital.natlib.govt.nz/get/13032?role=PM</subfield><subfield code="x">Preservation</subfield><subfield code="y">Link to preservation copy [restricted access]</subfield></datafield></record></collection>